| 000 | 00557nam a2200181Ia 4500 | ||
|---|---|---|---|
| 003 | GCL | ||
| 008 | 140319s9999 xx 000 0 ara d | ||
| 040 |
_aGCL / _cGCL |
||
| 082 | 0 | 4 |
_aق _b301.44062 _bم ط |
| 100 | 1 | _aمحمود محمد جاد | |
| 245 | 1 | 0 |
_aالطبقة العليا فى احدى مدن الصعيد / _cمحمود محمد جاد |
| 300 | _a127 | ||
| 490 |
_a100 قصة _v0 |
||
| 650 | 0 | 4 | _aالاحوال الاجتماعية |
| 650 | 0 | 4 | _aالطبقات الاجتماعية |
| 650 | 0 | 4 | _aمحافظة سوهاج |
| 942 |
_2ddc _cBK |
||
| 999 |
_c44227 _d44227 |
||